| 000 | 00701nam a2200193Ia 4500 | ||
|---|---|---|---|
| 003 | IEPS | ||
| 005 | 20250703135332.0 | ||
| 008 | 250223s9999||||xx |||||||||||||| ||und|| | ||
| 020 | _a9773275515 | ||
| 040 | _CIEPS | ||
| 041 | _aara | ||
| 082 | _a796.06 | ||
| 100 | _aالشافعي أحمد حسن | ||
| 245 | 0 | _aنظام مشروعات - البناء - الملكية - التشغيل و نقل الملكية في التربية البدنية الرياضية | |
| 260 |
_aالاسكندرية _bدار الوفاء لدنيا الطباعة و النشر و التوزيع _c2007 |
||
| 300 |
_a482 ص. _bجداول _c24 سم. |
||
| 653 | _aالادارة الرياضية | ||
| 942 | _cكتاب | ||
| 999 |
_c14004 _d14004 |
||